| 000 | 00000nam##2200000za#4500 |
| 001 | 9.660917 |
| 003 | CaOODSP |
| 005 | 20200401054352 |
| 007 | ta |
| 008 | 150407|1999||||xxc||||| f|0| 0 eng|d |
| 020 | |a0-662-64179-5 |
| 040 | |aCaOODSP|beng |
| 041 | |aeng |
| 041 | |afre |
| 043 | |an-cn--- |
| 086 | 1 |aC21-22/6-1999 |
| 110 | 1 |aCanada. |bIndustry Canada. |
| 245 | 10|aCanadian biotechnology statistics : |bin support of the implementation of the Canadian Biotechnology Strategy / |cPrepared by Chuck McNiven, Science and Technology Redesign Project, Statistics Canada. |
| 260 | |aOttawa - Ontario : |bIndustry Canada |c1999. |
| 300 | |aEnglish text, 17p. : |bgraphs, references, tables ; |c28 cm. |
| 500 | |a"This booklet presents basic statistics on biotechnology. The Canadian Biotechnology Strategy activity in Canada, as part of the work program of the Canadian Biotechnology. The Canadian Biotechnology Strategy Theme 9 is improving Policy-relevant Data Collection and Analysis in biotechnology."--Page 1. |
| 520 | 3 |aThis booklet presents basic statistics on biotechnology. The Canadian Biotechnology Strategy activity in Canada, as part of the work program of the Canadian Biotechnology. The Canadian Biotechnology Strategy Theme 9 is improving Policy-relevant Data Collection and Analysis in biotechnology.--Page 1 |
| 546 | |aBilingual |
| 563 | |aSoftcover |
| 590 | |a99-18|b1999-05-07 |
| 690 | 07|aBiotechnology|2gcpds |
| 690 | 07|aIndustry|2gcpds |
| 720 | 1 |aMcNiven, Chuck |
| 776 | 0#|tCanadian biotechnology statistics |w(CaOODSP)9.698074 |
| 776 | 0#|tStatistiques canadiennes sur la biotechnologie |w(CaOODSP)9.642070 |
| 792 | |tStatistiques canadiennes sur la biotechnologie : |efre|w(CaOODSP)9.660918 |